| 000 | 01256nam a2200193 i 4500 | ||
|---|---|---|---|
| 001 | 172202 | ||
| 003 | ES-MaACL | ||
| 005 | 20230929062539.0 | ||
| 008 | 090617s19101918sp |||| | spa d | ||
| 080 | _a821.134.2 | ||
| 080 | _a811.134.2 | ||
| 110 | 2 |
_aReal Academia Española _96336 |
|
| 245 | 1 | 0 |
_aDiscursos leídos ante la Real Academia Española, _f1910 / _cReal Academia Española. |
| 260 |
_aMadrid : _b[s.n.], _c1910 ( _fTalleres del Depósito de la Guerra) |
||
| 300 |
_a1 v. ; _c25 cm. |
||
| 505 | 8 | _aContiene: El preceptismo y la poesía en el teatro / Leopoldo Cano y Masas (24 p.). Contestación / Alejandro Pidal y Mon (p. 25-45). Importancia de las fuentes árabes para conocer el estado del vocabulario en las lenguas o dialectos españoles desde el siglo VIII al XII / Francisco Codera (83 p.). El Cancionero de Abencuzmán / Julián Rivera y Tarragó (69 p.). Discurso / Alejandro Pidal y Mon (p. 71-94). La personalidad literaria y política de D. Francisco Silvela / Andrés Mellado y Fernández (60 p.). Contestación / Alejandro Pidal y Mon (p. 70-107). Estética / Juan Armada y Losada (62 p.). Contestación / Antonio Maura y Montaner (p. 63-84). | |
| 852 |
_aES-MaACL _jK-153 _zEnc. pasta española |
||
| 999 |
_c172202 _d172202 |
||